000 00505nam a2200133Ia 4500
005 20260209120152.0
008 260209s9999||||xx |||||||||||||| ||und||
100 _aNiharika D Souza
245 0 _aMarine biodiversity conservation in India : analysing the approaches to secure the coastal commons
260 _aBangaloreBangalore
_bNLSIU, Bangalore
_c2024 - 2025
300 _a36 p. ; 25 cm.
700 _aDr. Gayathi D. Naik vDr. Gayathi D. Naik v
856 _uhttps://dans.nls.ac.in/handle/123456789/2476
999 _c217772
_d217772